Urban Design Quarterly (Record no. 103266)
[ view plain ]
| 000 -LEADER | |
|---|---|
| fixed length control field | 00484cam a2200193 4500 |
| 001 - CONTROL NUMBER | |
| control field | J124670 |
| 008 - FIXED-LENGTH DATA ELEMENTS--GENERAL INFORMATION | |
| fixed length control field | #DATE n2003 000 0 eng u |
| 022 ## - INTERNATIONAL STANDARD SERIAL NUMBER | |
| International Standard Serial Number | 0266-6480 |
| 035 ## - SYSTEM CONTROL NUMBER | |
| System control number | (Sirsi) u124670 |
| 041 ## - LANGUAGE CODE | |
| Language code of text/sound track or separate title | eng |
| 245 ## - TITLE STATEMENT | |
| Title | Urban Design Quarterly |
| 260 ## - PUBLICATION, DISTRIBUTION, ETC. | |
| Place of publication, distribution, etc. | London |
| Name of publisher, distributor, etc. | Urban Design Group |
| Date of publication, distribution, etc. | 2003 |
| 350 ## - PRICE (NR) (BK AM CF MU VM SE) [OBSOLETE] | |
| Price | 5 |
| 490 ## - SERIES STATEMENT | |
| Series statement | Urban Design Quarterly |
| Volume/sequential designation | (88) Autumn 2003 |
| 650 ## - SUBJECT ADDED ENTRY--TOPICAL TERM | |
| Topical term or geographic name entry element | DESIGN |
| 650 ## - SUBJECT ADDED ENTRY--TOPICAL TERM | |
| Topical term or geographic name entry element | PLANNING LAW AND PRACTICE |
| 650 ## - SUBJECT ADDED ENTRY--TOPICAL TERM | |
| Topical term or geographic name entry element | URBAN RENEWAL |
| 942 ## - ADDED ENTRY ELEMENTS (KOHA) | |
| Suppress in OPAC | 0 |
No items available.